000 00497nam a22001577a 4500
005 20251108172255.0
008 250721s1991 xx 000 0 ara d
082 1 4 _a610.9/مجد
100 1 _aسعد، مجدي محب الدين
245 1 0 _aالسموم الفطرية :
_bمشكلة زرعية - بيئية - صحية /
264 1 _aالقاهرة :
_bالهئية المصرية العامة،
_c1991.
300 _a179ص
650 1 7 _aالسموم
942 _2ddc
_cBK
999 _c74859
_d74859